000 00302nam a2200109Ia 4500
008 240731s9999 xx 000 0 und d
245 0 _aJournal of International and Comparative Social Welfare
260 _bRoutledge
856 _uhttps://www.tandfonline.com/loi/rjcs18
942 _2ddc
942 _cTFEJ
999 _c77880
_d77880
945 _a1
_bMadushi Gamage
_c1
_dMadushi Gamage